000 00999nam a2200301Ia 4500
001 Z_5431
003 CHAP
008 220113s2006 xx 000 0 und d
010 _a168504
040 _cCHAP
090 _aTesis V 1949
100 _aVargas Martínez, Modesto
_9118050
245 _aPreparación de becerros para exportación en praderas asociadas de ballico anual (Lolium multiflorum) - trébol alejandrino (Trifolium alexandrinum) en el Valle del Guadiana, Dgo. /
_cModesto Vargas Martínez
260 _aChapingo, Méx. :
_bEl autor,
_c2006
300 _a64 h.
502 _aTesis (Ing. Agr. Esp. en Zootecnia) -- UACH. Departamento de Zootecnia
650 _aBecerros
_xAlimentación
_911172
650 _aBecerros
_xExportación
_911182
650 _aBecerros
_xPastoreo
_911186
650 _aLolium multiflorum
_967504
650 _aTrifolium repens
_9114948
901 _aTESIS V 1949
902 _aM
910 _a2006
942 _c2
942 _c2
999 _c168504
_d168504